| 000 | 00564nam a2200157Ia 4500 | ||
|---|---|---|---|
| 008 | 220216s9999 xx 000 0 und d | ||
| 100 | _aHarish M | ||
| 245 | 0 | _aAerobic digestion through air diffusion for the effective treatment of RSS processing effluent | |
| 260 | _bPLACROSYM XX, 12-15 December 2012, UPASI Tea Research Foundation, Coimbatore, India, Abstracts, pp. 127-128. | ||
| 650 | _aActivated sludge processing | ||
| 650 | _aDiffused aeration | ||
| 650 | _aRSS processing waste water | ||
| 650 | _aSedimentation | ||
| 700 | _aMathew J | ||
| 942 | _cBS | ||
| 999 |
_c49879 _d49879 |
||